000 01268cam a22003977a 4500
003 CHAP
005 20220817044537.0
008 120830s20112012it a bs 00010beng n
010 _a103791
011 _a104763
020 _a9789251070628
035 _a115453
040 _cCHAP
090 _aFolleto 17033y 2011 v.1
110 2 _aFAO
245 1 0 _aBeekeeping and sustainable livelihoods
_c/by Martin Hilmi, Nicola Bradbear y Danilo Mejia
250 _a2 ed.
260 _aRome :
_bFAO,
_c2011
300 _a72 p. :
_bilus.
490 0 _aFolleto de la FAO sobre diversificación
_v; 1
590 _aBATCH-UPD
_b10
_c20130110
_lUCH01
_h1046
590 _aBATCH-UPD
_b10
_c20130410
_lUCH01
_h0644
590 _aBATCH-UPD
_b10
_c20130914
_lUCH01
_h0749
590 _aCONVERSION
_b10
_c20130109
_lUCH01
_h1357
650 1 4 _aApicultura.
_96241
650 1 4 _aCera de abejas.
650 1 4 _aEconomía doméstica.
650 1 4 _aMiel de abejas.
_975562
700 0 _aBradbear, Nicola.
_914940
700 0 _aBradbear, Nicola.
_914940
700 1 _aMejia, Danilo
_974234
830 0 0 _aFolleto de la FAO sobre diversificación
_v; 1
_942040
901 _aBK
942 _cFOLL
949 _aFolleto 17033y 2011 v.1
_bBC
_cFAO
_d33724002345785
_eFAO1
_gDonaciØn
_i115453
_st
999 _c103791
_d103791